00876nam a2200253Ia 4500003000900000008004100009020001800050040001600068080001300084100003000097245012100127260004800248300001600296650001500312650003200327650003300359650001400392650001900406700002700425700003100452942000700483999001500490952011700505IN-BaIIA211028s9999 xx 000 0 eng d a0-521-30429-6 cIIA Library a531bOLE aOlenick, Richard P914509 4aThe mechanical universebintroduction to mechanics and heatcRichard P Olenick, Tom M Apostol and David L Goodstein aCambridgebCambridge University Pressc1985 axvii, 584p. aHeat92417 aMechanical properties95370 aMechanical resolution914510 aMechanics aNASA Thesaurus aApostol, Tom M.914511 aGoodstein, David L.914512 cBK c8644d8644 00104070aBANbBANcGENd1986-03-21g318.50l0o531/ OLEp9517r2021-11-05v318.50w1986-03-21yBKGRs. 318.50